Sports Quiz

Random Sports or NCAA Quiz

2013 ESPN Top 50 Basketball Recruits Quiz Stats

Quiz not verified by Sporcle

Challenge
Share
Tweet
Embed
Score 0/50 Timer 11:00
0 Plays Today
Ranking Player % Correct
1Andrew Wiggins
98.1%
2Jabari Parker
88.9%
5Andrew Harrison
68.5%
4Aaron Gordon
68.5%
3Julius Randle
68.5%
9Aaron Harrison
64.8%
6Joel Embiid
64.8%
7Dakari Johnson
53.7%
13Noah Vonleh
46.3%
8James Young
44.4%
16Bobby Portis
40.7%
10Kasey Hill
40.7%
14Wayne Selden
33.3%
12Chris Walker
33.3%
25Marcus Lee
33.3%
20Tyler Ennis
29.6%
38Jordan Mickey
29.6%
21 Rondae Hollis-Jefferson
25.9%
23Jabari Bird
24.1%
15Austin Nichols
22.2%
30Derrick Walton
20.4%
36Matt Jones
20.4%
18Isaiah Hicks
18.5%
11Jarrell Martin
18.5%
26Anthony Barber
18.5%
Ranking Player % Correct
24Demetrius Jackson
16.7%
28Eric Mika
14.8%
46Connor Frankamp
14.8%
47Brannen Greene
14.8%
17Rysheed Jordan
13%
41Sindarius Thornwell
13%
43Moses Kingsley
13%
27JaJuan Johnson
11.1%
31Tyler Roberson
11.1%
32Isaac Hamilton
11.1%
34Luke Fischer
11.1%
40Semi Ojeleye
11.1%
42Devin Williams
11.1%
49Keith Frazier
11.1%
22Zack Irvin
9.3%
29Robert Hubbs
9.3%
44Xavier Rathan-Mayes
9.3%
19Nigel Williams-Gross
7.4%
33Kuran Iverson
7.4%
48Anton Gill
7.4%
37Nick King
5.6%
39Deonte Burton
5.6%
45Nick Emery
5.6%
50Zach Levine
5.6%
35Jermaine Lawerence
1.9%

You're not logged in!

Compare scores with friends on all Sporcle quizzes.
Sign Up with Email
OR
Log In

You Might Also Like...

Show Comments

Extras

Top Quizzes Today


Score Distribution

Your Account Isn't Verified!

In order to create a playlist on Sporcle, you need to verify the email address you used during registration. Go to your Sporcle Settings to finish the process.

Report this User

Report this user for behavior that violates our Community Guidelines.

Details: